[Event "Campeonato de Espana por Equipos Sub 16"]
[Site "Benidorm ESP"]
[Date "2010.12.06"]
[Round "3.2"]
[White "Tallo Dominguez, Imar"]
[Black "Monotliu Cervero, Francisco"]
[Result "1/2-1/2"]
[WhiteElo "2215"]
[BlackElo "2075"]
[PlyCount "104"]
[EventDate "2010.12.04"]
[EventType "team"]
[EventRounds "6"]
[EventCountry "ESP"]
[Source "lmi"]
[SourceDate "2010.12.04"]

1. e4 c5 2. Nf3 d6 3. d4 cxd4 4. Nxd4 Nf6 5. Nc3 g6 6. h3 Bg7 7. Be3 O-O 8. Bc4
Nc6 9. Bb3 Bd7 10. O-O Nxd4 11. Bxd4 Bc6 12. Re1 e5 13. Be3 Nxe4 14. Nxe4 Bxe4
15. Qd2 Bc6 16. Rad1 e4 17. Bd4 Be5 18. Bd5 Qe7 19. Bxe5 Qxe5 20. c3 Bxd5 21.
Qxd5 Rae8 22. Qxe5 Rxe5 23. Rxd6 Re7 24. Kf1 f5 25. f3 Rff7 26. Kf2 exf3 27.
Rxe7 Rxe7 28. Kxf3 Kf7 29. g4 fxg4+ 30. hxg4 h6 31. c4 Re6 32. Rd8 Re8 33. Rd2
b6 34. Rh2 Rh8 35. Kf4 Ke6 36. Rh3 Kf6 37. b4 Rc8 38. Rc3 a5 39. bxa5 bxa5 40.
c5 h5 41. g5+ Ke6 42. Ke4 h4 43. Rf3 Rxc5 44. Rf6+ Ke7 45. Rxg6 h3 46. Kf4 Rc4+
47. Kg3 Rh4 48. Rh6 Rxh6 49. gxh6 Kf6 50. Kxh3 Kg6 51. Kg4 Kxh6 52. Kf5 Kg7
1/2-1/2

[Event "Campeonato de Espana por Equipos Sub 16"]
[Site "Benidorm ESP"]
[Date "2010.12.06"]
[Round "3.3"]
[White "Ballester Llagaria, Luis Eduardo"]
[Black "Martinez Ramirez, Erik"]
[Result "1-0"]
[WhiteElo "2053"]
[BlackElo "2191"]
[PlyCount "65"]
[EventDate "2010.12.04"]
[EventType "team"]
[EventRounds "6"]
[EventCountry "ESP"]
[Source "lmi"]
[SourceDate "2010.12.04"]

1. e4 c5 2. Nf3 Nc6 3. d4 cxd4 4. Nxd4 Nf6 5. Nc3 d6 6. Be3 Ng4 7. Bb5 Nxe3 8.
fxe3 Bd7 9. O-O Ne5 10. Nf3 Bxb5 11. Nxb5 g6 12. Qd5 Nc6 13. Ng5 e6 14. Nxe6
fxe6 15. Qxe6+ Qe7 16. Nxd6+ Kd8 17. Nxb7+ Kc7 18. Rf7 Kxb7 19. Rd1 Rc8 20. Rd3
Qxf7 21. Rb3+ Kc7 22. Qxf7+ Be7 23. Rc3 Rhe8 24. Qd5 Kb6 25. a4 a6 26. a5+ Nxa5
27. Rxc8 Rxc8 28. Qe6+ Rc6 29. Qxe7 Nc4 30. Kf2 a5 31. b3 Nd6 32. c4 h5 33. c5+
1-0

[Event "Campeonato de Espana por Equipos Sub 16"]
[Site "Benidorm ESP"]
[Date "2010.12.06"]
[Round "3.4"]
[White "Shatko, Danil"]
[Black "Nieves Cabanes, Javier"]
[Result "0-1"]
[WhiteElo "2045"]
[BlackElo "1851"]
[PlyCount "80"]
[EventDate "2010.12.04"]
[EventType "team"]
[EventRounds "6"]
[EventCountry "ESP"]
[Source "lmi"]
[SourceDate "2010.12.04"]

1. c4 Nf6 2. Nc3 e6 3. d4 d5 4. cxd5 exd5 5. Bg5 Be7 6. Qc2 O-O 7. e3 c6 8. Bd3
Nbd7 9. Nge2 h6 10. Bh4 Re8 11. f3 c5 12. O-O Nf8 13. Bb5 Bd7 14. Bxd7 Qxd7 15.
Rad1 cxd4 16. Nxd4 Ng6 17. Bf2 Rad8 18. Nb3 Qc7 19. Rd4 Bd6 20. g3 Be5 21. Rd3
h5 22. Qd1 h4 23. f4 hxg3 24. Bxg3 Bxc3 25. bxc3 Ne4 26. Qf3 Qc4 27. Nc1 Nc5
28. Rdd1 Qxc3 29. Rfe1 Ne4 30. h4 Qf6 31. h5 Ne5 32. Qg2 Ng4 33. Qf3 Qf5 34.
Kg2 Rc8 35. Re2 Nc3 36. Rdd2 Nxe2 37. Nxe2 Rxe3 38. Qxd5 Rxe2+ 39. Kf3 Re3+ 40.
Kg2 Qxd5+ 0-1

[Event "Campeonato de Espana por Equipos Sub 16"]
[Site "Benidorm ESP"]
[Date "2010.12.06"]
[Round "3.5"]
[White "Montañes Arribas, Adrian"]
[Black "Meneses Gonzalez, Kevin Moises"]
[Result "0-1"]
[WhiteElo "2166"]
[BlackElo "2168"]
[PlyCount "110"]
[EventDate "2010.12.04"]
[EventType "team"]
[EventRounds "6"]
[EventCountry "ESP"]
[Source "lmi"]
[SourceDate "2010.12.04"]

1. e4 c5 2. Nf3 d6 3. d4 cxd4 4. Nxd4 Nf6 5. Nc3 Nc6 6. Bg5 e6 7. Qd2 Be7 8.
O-O-O Nxd4 9. Qxd4 O-O 10. f3 a6 11. h4 Qc7 12. Kb1 Rd8 13. h5 h6 14. Be3 b5
15. g4 Bd7 16. g5 hxg5 17. Bxg5 b4 18. Ne2 Rac8 19. Rc1 Qc5 20. Be3 Qxd4 21.
Bxd4 Bc6 22. c3 Nxe4 23. Bb6 Rd7 24. cxb4 Nd2+ 25. Ka1 Rb7 26. Be3 Nxf1 27.
Rhxf1 Bd7 28. Rxc8+ Bxc8 29. Rc1 Bd7 30. a3 f5 31. Nd4 e5 32. Nc6 Bf6 33. Na5
Rb8 34. Rc7 Be8 35. h6 d5 36. Bg5 e4 37. Bxf6 gxf6 38. fxe4 fxe4 39. Nb3 Bb5
40. Nd4 e3 41. Ka2 Re8 42. Nf5 e2 43. Nd6 Rf8 44. Re7 Bd3 45. Kb3 d4 46. a4 f5
47. b5 axb5 48. axb5 Be4 49. Nxe4 fxe4 50. Rxe4 Rf3+ 51. Kc2 Re3 52. Rg4+ Kh7
53. Rg1 e1=Q 54. Rxe1 Rxe1 55. b6 Re6 0-1

[Event "Campeonato de Espana por Equipos Sub 16"]
[Site "Benidorm ESP"]
[Date "2010.12.06"]
[Round "3.6"]
[White "Rodriguez Lapetra, Pablo"]
[Black "Martin Duque, Jesus"]
[Result "1/2-1/2"]
[WhiteElo "2097"]
[BlackElo "2118"]
[PlyCount "37"]
[EventDate "2010.12.04"]
[EventType "team"]
[EventRounds "6"]
[EventCountry "ESP"]
[Source "lmi"]
[SourceDate "2010.12.04"]

1. Nf3 Nf6 2. g3 d5 3. Bg2 c6 4. O-O Bf5 5. d4 e6 6. Nbd2 h6 7. Ne5 Be7 8. c4
O-O 9. b3 a6 10. Bb2 b5 11. Rc1 Qa5 12. Nd3 Bxd3 13. exd3 Bb4 14. Nf3 Qxa2 15.
Ra1 Qxb2 16. Rb1 Qa2 17. Ra1 Qb2 18. Rb1 Qa2 19. Ra1 1/2-1/2

[Event "Campeonato de Espana por Equipos Sub 16"]
[Site "Benidorm ESP"]
[Date "2010.12.06"]
[Round "3.7"]
[White "Madurga Lopez, Ignacio"]
[Black "Nortes Hernandez, Pedro"]
[Result "1/2-1/2"]
[WhiteElo "2021"]
[BlackElo "2045"]
[PlyCount "68"]
[EventDate "2010.12.04"]
[EventType "team"]
[EventRounds "6"]
[EventCountry "ESP"]
[Source "lmi"]
[SourceDate "2010.12.04"]

1. e4 c5 2. Nf3 e6 3. d4 cxd4 4. Nxd4 Nc6 5. Nc3 a6 6. Be3 Qc7 7. Bd3 Nf6 8.
O-O Nxd4 9. Bxd4 Bc5 10. Bxc5 Qxc5 11. Kh1 O-O 12. f4 d6 13. Qe1 e5 14. f5 b5
15. Qh4 Bb7 16. Rf3 h6 17. Rg3 Kh7 18. Rf1 Rg8 19. Rff3 Qb4 20. Rxg7+ Rxg7 21.
Qxf6 Qxb2 22. Ne2 Qb1+ 23. Ng1 Qe1 24. Rh3 Qd2 25. g3 Rc8 26. Rh4 Qg5 27. Qxd6
f6 28. Nf3 Qe3 29. Kg2 Rc6 30. Qd8 Qb6 31. Rxh6+ Kxh6 32. Qh8+ Rh7 33. Qf8+ Rg7
34. Qh8+ Rh7 1/2-1/2

[Event "Campeonato de Espana por Equipos Sub 16"]
[Site "Benidorm ESP"]
[Date "2010.12.06"]
[Round "3.8"]
[White "Molina Rodriguez, Borja"]
[Black "Morona Minguez, Irene"]
[Result "1-0"]
[WhiteElo "2039"]
[BlackElo "1920"]
[PlyCount "43"]
[EventDate "2010.12.04"]
[EventType "team"]
[EventRounds "6"]
[EventCountry "ESP"]
[Source "lmi"]
[SourceDate "2010.12.04"]

1. e4 c5 2. Nf3 e6 3. d4 cxd4 4. Nxd4 Nc6 5. Nc3 a6 6. Be3 Qc7 7. Qd2 Nf6 8.
O-O-O Bb4 9. f3 Ne5 10. Nb3 b5 11. Qe1 Nc4 12. Bd4 Bb7 13. a3 Be7 14. e5 Nd5
15. Bxc4 bxc4 16. Nd2 Rb8 17. Nde4 Bc6 18. Nd6+ Bxd6 19. exd6 Qb7 20. Nxd5 Bxd5
21. Bxg7 Rg8 22. Qh4 1-0

[Event "Campeonato de Espana por Equipos Sub 16"]
[Site "Benidorm ESP"]
[Date "2010.12.06"]
[Round "3.10"]
[White "Navarro Lopez-Menchero, Daniel"]
[Black "Acosta Sosa, Juan Manuel"]
[Result "0-1"]
[WhiteElo "2098"]
[BlackElo "2011"]
[PlyCount "58"]
[EventDate "2010.12.04"]
[EventType "team"]
[EventRounds "6"]
[EventCountry "ESP"]
[Source "lmi"]
[SourceDate "2010.12.04"]

1. d4 d5 2. c4 dxc4 3. Nf3 Nf6 4. Nc3 a6 5. a4 Nc6 6. Bg5 Bf5 7. h3 Ne4 8. Bh4
Nb4 9. Rc1 Nxc3 10. bxc3 Nc6 11. Nd2 Na5 12. e4 Bg6 13. f4 f6 14. f5 Bf7 15. e5
Qd5 16. Qe2 O-O-O 17. e6 Be8 18. Qf3 Bxa4 19. Qf4 g5 20. fxg6 hxg6 21. Bg3
Qxe6+ 22. Kf2 Qc6 23. Be2 Bh6 24. Bg4+ f5 25. Bxf5+ gxf5 26. Qxf5+ e6 27. Qxa5
Bxd2 28. Rb1 Rd5 29. Qb4 Rf5+ 0-1

[Event "Campeonato de Espana por Equipos Sub 16"]
[Site "Benidorm ESP"]
[Date "2010.12.06"]
[Round "3.12"]
[White "Garcia Rodriguez, Sara"]
[Black "Navaro Lopez-Menchero, Alvaro"]
[Result "1-0"]
[WhiteElo "1879"]
[BlackElo "1413"]
[PlyCount "43"]
[EventDate "2010.12.04"]
[EventType "team"]
[EventRounds "6"]
[EventCountry "ESP"]
[Source "lmi"]
[SourceDate "2010.12.04"]

1. e4 e5 2. Nf3 d6 3. Bc4 Nf6 4. Nc3 Be7 5. O-O O-O 6. d4 exd4 7. Nxd4 Nc6 8.
Nxc6 bxc6 9. f4 Be6 10. Bd3 Re8 11. Kh1 Bf8 12. f5 Bc8 13. Bg5 h6 14. Bh4 d5
15. exd5 cxd5 16. Bxf6 Qxf6 17. Nxd5 Qd6 18. f6 Bb7 19. fxg7 Bxg7 20. Nf4 Kh8
21. Qh5 Rf8 22. Qf5 1-0

[Event "Campeonato de Espana por Equipos Sub 16"]
[Site "Benidorm ESP"]
[Date "2010.12.06"]
[Round "3.13"]
[White "Talavera Garcia, Santiago"]
[Black "Tejedor Fuentes, Enrique"]
[Result "0-1"]
[WhiteElo "1908"]
[BlackElo "2141"]
[PlyCount "78"]
[EventDate "2010.12.04"]
[EventType "team"]
[EventRounds "6"]
[EventCountry "ESP"]
[Source "lmi"]
[SourceDate "2010.12.04"]

1. d4 Nf6 2. c4 e6 3. Nc3 Bb4 4. Qc2 c5 5. e3 b6 6. Bd2 O-O 7. Nf3 Bb7 8. Be2
cxd4 9. exd4 d5 10. a3 Bxc3 11. bxc3 dxc4 12. Bxc4 Nbd7 13. Be2 Qc7 14. O-O e5
15. dxe5 Nxe5 16. Nxe5 Qxe5 17. Be3 Rac8 18. Rac1 Rfe8 19. Rfe1 h6 20. Bd4 Qg5
21. g3 Qd5 22. f3 Re6 23. Rcd1 Qc6 24. Qf5 Rce8 25. Kf2 g6 26. Qf4 Nh5 27. Qd2
Rxe2+ 28. Rxe2 Qxf3+ 29. Ke1 Qh1+ 30. Kf2 Qxh2+ 31. Ke1 Qh1+ 32. Kf2 Qf3+ 33.
Ke1 Qxg3+ 34. Bf2 Rxe2+ 35. Qxe2 Qxc3+ 36. Rd2 Bf3 37. Qe8+ Kh7 38. Be3 Ng7 39.
Qe7 Bd5 0-1

[Event "Campeonato de Espana por Equipos Sub 16"]
[Site "Benidorm ESP"]
[Date "2010.12.06"]
[Round "3.14"]
[White "Garcia Perez, Javier"]
[Black "Piriz Fernandez, Daniel"]
[Result "1-0"]
[WhiteElo "1952"]
[BlackElo "1907"]
[PlyCount "63"]
[EventDate "2010.12.04"]
[EventType "team"]
[EventRounds "6"]
[EventCountry "ESP"]
[Source "lmi"]
[SourceDate "2010.12.04"]

1. e4 e6 2. d3 c5 3. Nc3 Nc6 4. g3 g6 5. Bg2 Bg7 6. Be3 d6 7. f4 Nge7 8. Nf3
Nd4 9. O-O Rb8 10. Qd2 O-O 11. Nh4 f5 12. Bf2 b5 13. Rfe1 Kh8 14. exf5 exf5 15.
Nd5 Nxd5 16. Bxd5 Bb7 17. Bxb7 Rxb7 18. c3 Nc6 19. d4 b4 20. Re6 bxc3 21. bxc3
cxd4 22. cxd4 Rb4 23. Rae1 a5 24. Nf3 Qb8 25. d5 Na7 26. Nd4 Rb2 27. Qe3 Qb7
28. Re7 Qxd5 29. Rxg7 Kxg7 30. Ne6+ Kh6 31. Qxa7 Rg8 32. Qe7 1-0

[Event "Campeonato de Espana por Equipos Sub 16"]
[Site "Benidorm ESP"]
[Date "2010.12.06"]
[Round "3.15"]
[White "Simon Escalona, Jorge"]
[Black "Buiza Prieto, Aizbeltz"]
[Result "1/2-1/2"]
[WhiteElo "1734"]
[BlackElo "1872"]
[PlyCount "143"]
[EventDate "2010.12.04"]
[EventType "team"]
[EventRounds "6"]
[EventCountry "ESP"]
[Source "lmi"]
[SourceDate "2010.12.04"]

1. e4 c5 2. Nf3 e6 3. d4 cxd4 4. Nxd4 Nf6 5. Nc3 Nc6 6. Ndb5 d6 7. Bf4 e5 8.
Bg5 a6 9. Na3 b5 10. Nd5 Be7 11. c3 O-O 12. Bxf6 Bxf6 13. Nc2 Bg5 14. a4 bxa4
15. Rxa4 a5 16. Bc4 Rb8 17. b3 Kh8 18. O-O f5 19. exf5 Bxf5 20. Nde3 Bxc2 21.
Nxc2 Ne7 22. b4 d5 23. Bb3 axb4 24. Rxb4 Rxb4 25. Nxb4 d4 26. cxd4 exd4 27. Qg4
Qb6 28. Bc2 Bf4 29. Qh4 Ng6 30. Qh5 Qxb4 31. Bxg6 h6 32. Bc2 Qd6 33. g3 d3 34.
Bxd3 Qxd3 35. gxf4 Rxf4 36. Rd1 Qe4 37. h3 Rf5 38. Rd8+ Kh7 39. Qe8 Rg5+ 40.
Kf1 Qb1+ 41. Ke2 Qb2+ 42. Kd3 Qb3+ 43. Kd2 Qb4+ 44. Kd3 Qb5+ 45. Qxb5 Rxb5 46.
Ke4 Rb3 47. f3 Rb4+ 48. Kf5 Rh4 49. Rd6 Rxh3 50. Kg4 Rh1 51. Ra6 Rg1+ 52. Kh4
Rg6 53. Ra5 Rf6 54. Kg4 Kg6 55. Rb5 Ra6 56. Rc5 Kf6 57. Rb5 g6 58. Rc5 Re6 59.
Ra5 h5+ 60. Kg3 Re5 61. Ra6+ Kf5 62. Ra4 g5 63. Rb4 h4+ 64. Kg2 Ra5 65. Rb2 Ra4
66. Rb5+ Kf4 67. Rb2 h3+ 68. Kxh3 Kxf3 69. Rb3+ Kf4 70. Kg2 g4 71. Rb2 g3 72.
Rc2 1/2-1/2

[Event "Campeonato de Espana por Equipos Sub 16"]
[Site "Benidorm ESP"]
[Date "2010.12.06"]
[Round "3.16"]
[White "Pordomingo Sedano, Diego"]
[Black "Salas Lloret, Daniel"]
[Result "1-0"]
[WhiteElo "1680"]
[BlackElo "1500"]
[PlyCount "96"]
[EventDate "2010.12.04"]
[EventType "team"]
[EventRounds "6"]
[EventCountry "ESP"]
[Source "lmi"]
[SourceDate "2010.12.04"]

1. e4 e6 2. d4 c5 3. c3 cxd4 4. cxd4 d5 5. e5 Nc6 6. Nf3 f6 7. Bf4 Nge7 8. exf6
gxf6 9. Nc3 Ng6 10. Bg3 a6 11. a3 Bd6 12. Bd3 Nf4 13. Bxf4 Bxf4 14. Qe2 Qe7 15.
Na4 Bc7 16. Rc1 O-O 17. Nc5 Bd6 18. b4 Bxc5 19. Rxc5 Bd7 20. O-O Kh8 21. Qe3
Qg7 22. Re1 Rae8 23. b5 Rg8 24. g3 axb5 25. Bxb5 Qf7 26. Kh1 e5 27. dxe5 fxe5
28. Bxc6 Bxc6 29. Kg2 d4 30. Qd3 Rgf8 31. Rcxe5 Qxf3+ 32. Qxf3 Bxf3+ 33. Kf1
Rxe5 34. Rxe5 d3 35. Ke1 Rd8 36. Kd2 Kg7 37. Rc5 b6 38. Rc3 Be2 39. Rc6 Rb8 40.
f4 h5 41. a4 b5 42. a5 b4 43. Rb6 Ra8 44. a6 b3 45. Rb7+ Kg6 46. Rxb3 Rxa6 47.
Rb2 Ra5 48. Rb6+ Kf5 1-0

[Event "Campeonato de Espana por Equipos Sub 16"]
[Site "Benidorm ESP"]
[Date "2010.12.07"]
[Round "4.1"]
[White "Meneses Gonzalez, Kevin Moises"]
[Black "Silva Rodriguez, Julio"]
[Result "1/2-1/2"]
[WhiteElo "2168"]
[BlackElo "2094"]
[PlyCount "71"]
[EventDate "2010.12.04"]
[EventType "team"]
[EventRounds "6"]
[EventCountry "ESP"]
[Source "lmi"]
[SourceDate "2010.12.04"]

1. e4 e6 2. d4 d5 3. Nc3 Bb4 4. e5 c5 5. a3 Bxc3+ 6. bxc3 Nc6 7. Qg4 g6 8. Qd1
Qa5 9. Bd2 Qa4 10. Nf3 b6 11. Be3 Ba6 12. Bxa6 Qxa6 13. dxc5 bxc5 14. Bxc5 Qc4
15. Bd4 Rc8 16. Qd3 Nxd4 17. cxd4 Qxc2 18. Qb5+ Qc6 19. Qxc6+ Rxc6 20. Kd2 Ne7
21. Rhc1 Kd7 22. Kd3 h6 23. Rxc6 Nxc6 24. Rb1 Rc8 25. Nd2 Rc7 26. Nb3 Ke7 27.
Nd2 Kd7 28. f4 h5 29. g3 Na5 30. Rb5 Nc4 31. Nxc4 Rxc4 32. Rb7+ Rc7 33. Rxc7+
Kxc7 34. Kc3 Kc6 35. Kb4 Kb6 36. a4 1/2-1/2

[Event "Campeonato de Espana por Equipos Sub 16"]
[Site "Benidorm ESP"]
[Date "2010.12.07"]
[Round "4.2"]
[White "Monotliu Cervero, Francisco"]
[Black "Rodriguez Lapetra, Pablo"]
[Result "1-0"]
[WhiteElo "2075"]
[BlackElo "2097"]
[PlyCount "131"]
[EventDate "2010.12.04"]
[EventType "team"]
[EventRounds "6"]
[EventCountry "ESP"]
[Source "lmi"]
[SourceDate "2010.12.04"]

1. e4 c5 2. Nf3 e6 3. d4 cxd4 4. Nxd4 Nc6 5. Nc3 Qc7 6. Be3 a6 7. Qd2 Nf6 8.
O-O-O Bb4 9. f3 O-O 10. g4 b5 11. g5 Ne8 12. a3 Be7 13. Nxc6 dxc6 14. Ne2 Bb7
15. h4 Rd8 16. Qe1 Rxd1+ 17. Qxd1 Nd6 18. Bf4 Rd8 19. Qe1 Qb6 20. Ng3 c5 21.
Bd2 b4 22. axb4 cxb4 23. Bxb4 Nc4 24. Bc3 Qc6 25. Bxc4 Qxc4 26. Kb1 Bf8 27. h5
Bc6 28. Qe2 Qa4 29. Rd1 Rb8 30. Rd4 Qb5 31. Qxb5 Bxb5 32. Bb4 e5 33. Bd6 exd4
34. Bxb8 g6 35. Kc1 h6 36. Bf4 Kh7 37. hxg6+ fxg6 38. gxh6 a5 39. Bg5 a4 40. e5
Bc6 41. e6 Bxh6 42. Bxh6 Kxh6 43. Ne4 Kg7 44. Kd2 Kf8 45. Kd3 Ke7 46. Kxd4 Kxe6
47. c4 Kf5 48. Ke3 g5 49. Nf2 Ke5 50. Ng4+ Kf5 51. Nh2 Ke5 52. Nf1 Kd6 53. Nd2
Kc5 54. Kd3 Bb7 55. Kc3 Bc6 56. b4+ axb3 57. Nxb3+ Kd6 58. Nd4 Bd7 59. Kd3 Ke5
60. Ke3 Be8 61. c5 Bh5 62. c6 Kd6 63. Kf2 Be8 64. Kg3 Ke5 65. c7 Bd7 66. Nb5
1-0

[Event "Campeonato de Espana por Equipos Sub 16"]
[Site "Benidorm ESP"]
[Date "2010.12.07"]
[Round "4.4"]
[White "Nieves Cabanes, Javier"]
[Black "Molina Rodriguez, Borja"]
[Result "0-1"]
[WhiteElo "1851"]
[BlackElo "2039"]
[PlyCount "88"]
[EventDate "2010.12.04"]
[EventType "team"]
[EventRounds "6"]
[EventCountry "ESP"]
[Source "lmi"]
[SourceDate "2010.12.04"]

1. d4 Nf6 2. c4 e6 3. g3 d5 4. Bg2 dxc4 5. Nf3 Nc6 6. O-O Rb8 7. a4 a6 8. e3 b5
9. Qe2 Be7 10. Rd1 Bb7 11. axb5 axb5 12. Nc3 b4 13. Nb1 Ra8 14. Rxa8 Qxa8 15.
e4 Na5 16. Nfd2 O-O 17. Re1 Rd8 18. d5 exd5 19. exd5 Bf8 20. Nxc4 Re8 21. Ne3
Nxd5 22. Nd2 Nxe3 23. Bxb7 Qxb7 24. fxe3 Bc5 25. Nf1 Qb6 26. Kg2 Nc6 27. b3 Ne5
28. Bb2 Qc6+ 29. e4 Qe6 30. Nd2 Rd8 31. Bxe5 Qxe5 32. Nc4 Qc3 33. e5 Re8 34.
Qd1 Bd4 35. Re4 c5 36. Nd6 Rxe5 37. Rxe5 Bxe5 38. Qd5 Bxd6 39. Qxd6 g6 40. Qd5
Kg7 41. h4 h5 42. g4 hxg4 43. h5 Qf3+ 44. Qxf3 gxf3+ 0-1

[Event "Campeonato de Espana por Equipos Sub 16"]
[Site "Benidorm ESP"]
[Date "2010.12.07"]
[Round "4.6"]
[White "Navarro Lopez-Menchero, Daniel"]
[Black "Tallo Dominguez, Imar"]
[Result "1/2-1/2"]
[WhiteElo "2098"]
[BlackElo "2215"]
[PlyCount "114"]
[EventDate "2010.12.04"]
[EventType "team"]
[EventRounds "6"]
[EventCountry "ESP"]
[Source "lmi"]
[SourceDate "2010.12.04"]

1. e4 c5 2. Nf3 d6 3. d4 cxd4 4. Nxd4 Nf6 5. Nc3 a6 6. Bc4 e6 7. Bb3 b5 8. O-O
Be7 9. Qf3 Qb6 10. Be3 Qb7 11. Qg3 O-O 12. Bh6 Ne8 13. a3 Nc6 14. Nxc6 Qxc6 15.
Nd5 Bd8 16. Bg5 Qd7 17. Bxd8 Qxd8 18. Nc3 Bb7 19. Rad1 Qc7 20. Rd2 Bc6 21. f4
Nf6 22. f5 e5 23. Qf3 a5 24. Rc1 Ra6 25. h3 b4 26. Nd5 Bxd5 27. Bxd5 Nxd5 28.
Rxd5 h6 29. Kh2 Rc6 30. axb4 axb4 31. Qd3 Rc8 32. Rb5 Rc4 33. Qb3 Rxe4 34. Rxb4
Rxb4 35. Qxb4 Rb8 36. Qa3 d5 37. Qg3 Rxb2 38. f6 g6 39. Re1 Qxc2 40. Rxe5 Qc6
41. Qa3 Rc2 42. Qe7 g5 43. Qd8+ Kh7 44. Rxd5 Qc7+ 45. Qxc7 Rxc7 46. Rd6 h5 47.
h4 gxh4 48. Rd4 Kg6 49. Rxh4 Rc6 50. Ra4 Kxf6 51. Kh3 Kg5 52. g3 Rc3 53. Rb4
Re3 54. Ra4 f5 55. Rb4 Re4 56. Rb8 Re3 57. Rb4 Re4 1/2-1/2

[Event "Campeonato de Espana por Equipos Sub 16"]
[Site "Benidorm ESP"]
[Date "2010.12.07"]
[Round "4.8"]
[White "Navaro Lopez-Menchero, Alvaro"]
[Black "Shatko, Danil"]
[Result "0-1"]
[WhiteElo "1413"]
[BlackElo "2045"]
[PlyCount "76"]
[EventDate "2010.12.04"]
[EventType "team"]
[EventRounds "6"]
[EventCountry "ESP"]
[Source "lmi"]
[SourceDate "2010.12.04"]

1. d4 Nf6 2. c4 e5 3. dxe5 Ng4 4. Nf3 Bc5 5. e3 Nc6 6. g3 O-O 7. Bg2 Ngxe5 8.
Nxe5 Nxe5 9. O-O d6 10. b3 Bg4 11. Qc2 Bf3 12. Bb2 Bxg2 13. Kxg2 Qd7 14. Nc3
Rae8 15. Na4 Qc6+ 16. e4 Ng4 17. Nxc5 dxc5 18. Rfe1 f5 19. f3 Ne5 20. Bxe5 Rxe5
21. exf5 Rexf5 22. Qd3 Rxf3 23. Qd5+ Qxd5 24. cxd5 Rf2+ 25. Kg1 h6 26. Rf1
Rxf1+ 27. Rxf1 Rxf1+ 28. Kxf1 Kf7 29. Ke2 Kf6 30. Kd3 b5 31. Ke4 a5 32. a3 h5
33. h3 g6 34. a4 c4 35. bxc4 bxa4 36. Kd4 a3 37. Kc3 a4 38. g4 hxg4 0-1

[Event "Campeonato de Espana por Equipos Sub 16"]
[Site "Benidorm ESP"]
[Date "2010.12.07"]
[Round "4.9"]
[White "Tejedor Fuentes, Enrique"]
[Black "Montañes Arribas, Adrian"]
[Result "1/2-1/2"]
[WhiteElo "2141"]
[BlackElo "2166"]
[PlyCount "139"]
[EventDate "2010.12.04"]
[EventType "team"]
[EventRounds "6"]
[EventCountry "ESP"]
[Source "lmi"]
[SourceDate "2010.12.04"]

1. e4 c5 2. Nf3 d6 3. d4 cxd4 4. Nxd4 Nf6 5. Nc3 a6 6. Bg5 e6 7. f4 Nc6 8. Nb3
Be7 9. Qf3 Qc7 10. O-O-O b5 11. g4 b4 12. Ne2 Bb7 13. Bxf6 gxf6 14. Ned4 Nxd4
15. Nxd4 Rc8 16. Bd3 Qc5 17. h4 h6 18. Qe2 Qa5 19. Kb1 Rg8 20. Rhf1 Rc7 21. g5
hxg5 22. Qh5 Bc8 23. hxg5 fxg5 24. f5 Qe5 25. fxe6 Bxe6 26. Nxe6 Qxe6 27. Bxa6
Bf6 28. Bb5+ Ke7 29. Rd5 Rc5 30. Qd1 Ra8 31. Rxf6 Qxf6 32. e5 Qf2 33. exd6+ Kd8
34. Rxc5 Qxc5 35. Qh1 Qxb5 36. Qxa8+ Kd7 37. Qa7+ Kxd6 38. Qxf7 Qe2 39. Qf6+
Kd7 40. Qxg5 Qf1+ 41. Qc1 Qc4 42. Qd1+ Kc6 43. Qd3 Qg4 44. a3 bxa3 45. Qc3+ Kb5
46. Qb3+ Kc6 47. bxa3 Qg7 48. Ka2 Qd4 49. a4 Qd2 50. Qb5+ Kc7 51. Qc5+ Kd7 52.
Kb2 Qf4 53. a5 Qf6+ 54. Qc3 Qh6 55. Kb3 Qe6+ 56. Qc4 Qe1 57. Qd5+ Kc7 58. Qc4+
Kd7 59. Qb5+ Kc7 60. Qb6+ Kc8 61. Qc6+ Kb8 62. Qb5+ Kc7 63. c3 Qb1+ 64. Kc4
Qf1+ 65. Kb4 Qb1+ 66. Ka4 Qa2+ 67. Kb4 Qb1+ 68. Kc4 Qf1+ 69. Kc5 Qf5+ 70. Kb4
1/2-1/2

[Event "Campeonato de Espana por Equipos Sub 16"]
[Site "Benidorm ESP"]
[Date "2010.12.07"]
[Round "4.10"]
[White "Martin Duque, Jesus"]
[Black "Garcia Perez, Javier"]
[Result "1-0"]
[WhiteElo "2118"]
[BlackElo "1952"]
[PlyCount "51"]
[EventDate "2010.12.04"]
[EventType "team"]
[EventRounds "6"]
[EventCountry "ESP"]
[Source "lmi"]
[SourceDate "2010.12.04"]

1. e4 c5 2. Nf3 d6 3. d4 cxd4 4. Nxd4 Nf6 5. Nc3 a6 6. f4 e5 7. Nf3 Nbd7 8. a4
b6 9. Bd3 Be7 10. O-O Qc7 11. Kh1 O-O 12. Qe1 exf4 13. Bxf4 Ne5 14. Nd4 Ng6 15.
Bg5 Be6 16. Nf5 Bxf5 17. Rxf5 Rfe8 18. Qf1 Ng4 19. Nd5 Qb7 20. Rxf7 N4e5 21.
Nxe7+ Nxe7 22. Rxg7+ Kxg7 23. Qf6+ Kg8 24. Bc4+ Nxc4 25. Qe6+ Kg7 26. Bh6+ 1-0

[Event "Campeonato de Espana por Equipos Sub 16"]
[Site "Benidorm ESP"]
[Date "2010.12.07"]
[Round "4.11"]
[White "Buiza Prieto, Aizbeltz"]
[Black "Madurga Lopez, Ignacio"]
[Result "1-0"]
[WhiteElo "1872"]
[BlackElo "2021"]
[PlyCount "113"]
[EventDate "2010.12.04"]
[EventType "team"]
[EventRounds "6"]
[EventCountry "ESP"]
[Source "lmi"]
[SourceDate "2010.12.04"]

1. e4 c5 2. Nf3 d6 3. d4 cxd4 4. Qxd4 a6 5. Bg5 Nc6 6. Qd2 h6 7. Be3 Nf6 8. Bd3
e5 9. h3 d5 10. exd5 Nxd5 11. Be4 Nxe3 12. Qxe3 Qa5+ 13. Nbd2 Bd6 14. O-O O-O
15. Bxc6 bxc6 16. Nc4 Qc5 17. Nxd6 Qxd6 18. Qxe5 Qxe5 19. Nxe5 c5 20. Nc4 Be6
21. Ne3 f5 22. f4 Rad8 23. Rad1 Rd4 24. c3 Re4 25. Nd5 Kf7 26. Nc7 Bc4 27. Rfe1
Rxe1+ 28. Rxe1 Rc8 29. b3 Bxb3 30. axb3 Rxc7 31. Re5 g6 32. Kf2 Rb7 33. Rxc5
Rxb3 34. Ke3 Rb2 35. g4 fxg4 36. hxg4 Rg2 37. Kf3 Rc2 38. Ke4 Re2+ 39. Kd4 Rf2
40. Ke5 Re2+ 41. Kd6 Re4 42. g5 Rxf4 43. gxh6 Rh4 44. Rc7+ Kg8 45. c4 Rxh6 46.
c5 g5+ 47. Kd5 g4 48. Re7 Kf8 49. Re3 g3 50. c6 g2 51. c7 Rh5+ 52. Kc4 g1=Q 53.
c8=Q+ Kg7 54. Re7+ Kh6 55. Qh8+ Kg6 56. Rg7+ Kf6 57. Qf8+ 1-0

[Event "Campeonato de Espana por Equipos Sub 16"]
[Site "Benidorm ESP"]
[Date "2010.12.07"]
[Round "4.12"]
[White "Morona Minguez, Irene"]
[Black "Abascal Lozano, Ivan"]
[Result "1-0"]
[WhiteElo "1920"]
[BlackElo "1737"]
[PlyCount "75"]
[EventDate "2010.12.04"]
[EventType "team"]
[EventRounds "6"]
[EventCountry "ESP"]
[Source "lmi"]
[SourceDate "2010.12.04"]

1. e4 c5 2. Nf3 Nc6 3. d4 cxd4 4. Nxd4 e6 5. Nc3 Nf6 6. Ndb5 a6 7. Nd6+ Bxd6 8.
Qxd6 Qe7 9. Bf4 O-O 10. Qxe7 Nxe7 11. Bd6 Re8 12. Na4 Nxe4 13. Nb6 Nxd6 14.
Nxa8 b5 15. Nb6 Ndf5 16. a4 d5 17. axb5 Nd4 18. Ra5 axb5 19. Bxb5 Nxb5 20. Rxb5
Bb7 21. Kd2 d4 22. f3 f6 23. Ra1 Bc6 24. Rc5 Rb8 25. Ra7 Kf8 26. Rxe7 Kxe7 27.
Rxc6 e5 28. Nc4 Kd7 29. Rb6 Rg8 30. b4 h5 31. b5 Kc7 32. Re6 Kd7 33. Rd6+ Kc7
34. b6+ Kb7 35. Rd7+ Kc6 36. Rc7+ Kd5 37. b7 Rb8 38. Na5 1-0